Państwa Osi - nagła śmierć - Statystyki

Ogólne statystyki
  • Ten quiz został rozwiązany 85 razy
  • Średni wynik to 9 z 11
Answers on the Grid
Answers color-coded by a green-red scale on the quiz's grid according to % correct below.
Bułgaria
Chiny
Chorwacja
Finlandia
Francja
Francja Vichy
Grecja
III Rzesza
Japonia
Jugosławia
Polska
Rumunia
Słowacja
Szwecja
USA
Wegry
Wielka Brytania
Włochy
 
Statystyki odpowiedzi
Odpowiedź % Poprawnych
III Rzesza
96%
Japonia
94%
Francja Vichy
90%
Bułgaria
86%
Włochy
86%
Rumunia
84%
Wegry
82%
Chorwacja
76%
Słowacja
76%
Finlandia
62%
Jugosławia
48%
Nie znaleziono quizów pasujących do podanych kryteriów
Rozkład punktacji
Procent ludzi z każdym wynikiem
Percentyl według liczby udzielonych odpowiedzi
Twoja historia wyników
Nie rozwiązałeś tego quizu